International Journal of Hydrogen Energy
Gespeichert in:
| Format: | Schriftenreihe |
|---|---|
| Sprache: | Englisch |
| Veröffentlicht: |
Oxford
Elsevier
|
| Tags: |
Keine Tags, Fügen Sie das erste Tag hinzu!
|
MARC
| LEADER | 00000nas1a2200000 4500 | ||
|---|---|---|---|
| 001 | 0313028 | ||
| 005 | 20251104140314.2 | ||
| 022 | |a 0360-3199 | ||
| 022 | |a 1879-3487 | ||
| 041 | 0 | |a eng | |
| 044 | |a GB | ||
| 245 | 1 | 0 | |a International Journal of Hydrogen Energy |
| 264 | 1 | |a Oxford |b Elsevier | |